00415pab a2200133 454500008004000000100001700040245012100057260000900178300001200187362000800199650003300207650001000240773003100250180718b1997 xxu||||| |||| 00| 0 eng d aWood, Adrian aOpenness and wage inequality in developing countries: the Latin American challenge to East-Asian conventional wisdom c1997 ap.33-57 aJan aWages - Developing countries aWages aWorld Bank Economic Review